00756nam a22002297a 450000100060000000300080000600500170001400800410003103500190007204000320009104100080012308200220013110000590015324500420021225000110025426000450026530000210031065000240033194200120035599900170036795201420038432777BD-RjUL20211209051907.0140428s1962 ii 000 0 eng d a(BD-RjUL)32867 aDLCcDLCdDLCdBD-RjULbeng aeng04a294.592bRAM 19621 aRajagopalachari, C.q(Chakravarti),d1878-1972.99966210aMahabharata /cby C. Rajagopalachari. a7th ed aBombay :bBharatiya Vidya Bhavan,c1962. a335 p. ;c20 cm. aMahabharata 997421 2ddccBK c32777d32777 00102ddc40718NFICaRUCLbRUCLcReadingd1965-06-05eOrientaltiong1.00l0o294.592 RAM 1962r2014-04-28 00:00:00tC-1w2021-12-09yBK